Loading...

Understanding human communication /

Bibliographic Details
Main Author: Adler, Ronald B.
Other Authors: Rodman, George R.
Format: Printed Book
Language:English
Published: New York : Oxford University Press, c2009.
Edition:10th ed.
Subjects:
Online Access:http://www.loc.gov/catdir/toc/ecip084/2007045749.html
LEADER 01170cam a22002894a 4500
008 071105s2009 nyua b 001 0 eng
999 |c 150228  |d 150228 
010 |a  2007045749 
020 |a 0195336127 (alk. paper) 
020 |a 9780195336122 (alk. paper) 
035 |a (OCoLC)ocn180907997 
035 |a (OCoLC)180907997 
082 0 0 |a 302.2  |2 22 
100 1 |a Adler, Ronald B. 
245 1 0 |a Understanding human communication /  |c Ronald B. Adler, George Rodman. 
250 |a 10th ed. 
260 |a New York :  |b Oxford University Press,  |c c2009. 
300 |a 1 v. (various pagings) :  |b ill. (chiefly col.) ;  |c 26 cm. 
504 |a Includes bibliographical references and index. 
650 0 |a Communication. 
650 0 |a Interpersonal communication 
700 1 |a Rodman, George R., 
856 4 1 |u http://www.loc.gov/catdir/toc/ecip084/2007045749.html 
942 |c BK 
906 |a 7  |b cbc  |c orignew  |d 1  |e ecip  |f 20  |g y-gencatlg 
955 |a lg31 2007-11-05  |c lg31 2007-11-05  |a aa11 2007-11-06  |a ps08 2008-03-06 1 copy rec'd., to CIP ver. 
952 |0 0  |1 0  |4 0  |6 302_200000000000000_ADL_U  |7 0  |9 160557  |a MCJ  |b MCJ  |c ST1  |d 2015-06-17  |i 3131  |l 0  |o 302.2 ADL/U  |p MCJ3131  |r 2015-06-17  |w 2018-08-08  |y BK